| 000 | 01133cam a2200349 a 4500 | ||
|---|---|---|---|
| 003 | OSt | ||
| 005 | 20140310184419.0 | ||
| 008 | 100126s2009 nyu c 000 1 eng | ||
| 010 | _a 2010285189 | ||
| 020 | _a9781423101475 | ||
| 040 |
_aDLC _cDLC |
||
| 042 | _alcac | ||
| 050 | 0 | 0 |
_aPZ 7 _b.R585La 2010 |
| 100 | 1 |
_aRiordan, Rick. _918585 |
|
| 245 | 1 | 4 |
_aThe last Olympian / _cRick Riordan. |
| 260 |
_aNew York : _bScholastic Inc., _c2010. |
||
| 300 |
_a381 p. ; _c22 cm. |
||
| 490 | 0 |
_aPercy Jackson & the Olympians ; _vbk. 5 |
|
| 521 | _aG4 | ||
| 526 | _c620 | ||
| 650 | 1 |
_aMythology, Greek _vFiction. _924208 |
|
| 650 | 1 |
_aFate and fatalism _vFiction. _924209 |
|
| 650 | 1 |
_aMonsters _vFiction. _924210 |
|
| 650 | 1 |
_aAnimals, Mythical _vFiction. _924211 |
|
| 650 | 1 |
_aTitans (Mythology) _vFiction. _924212 |
|
| 906 |
_a7 _bcbc _corignew _d2 _encip _f20 _gy-gencatlg |
||
| 942 |
_2lcc _cBK-SCHOLAS |
||
| 999 |
_c34193 _d34193 |
||